| 000 | 00692nam a2200265Ia 4500 | ||
|---|---|---|---|
| 008 | 171025s9999 xx 000 0 und d | ||
| 020 | _a64225351X | ||
| 050 | _a642 | ||
| 050 | _bF686 2007 | ||
| 245 | _aFood service manual for Australian meat / | ||
| 250 | _aSecond edition | ||
| 260 | _aAustralia : | ||
| 260 | _bMLA, | ||
| 260 | _c2009 | ||
| 300 | _a84 pages : | ||
| 300 | _bcolored illustrations ; | ||
| 300 | _c29cm. | ||
| 500 | _aIncludes glossary. | ||
| 650 | _aExport marketing -- | ||
| 650 | _aMeat industry and trade -- | ||
| 650 | _aMeat industry and trade -- | ||
| 650 | _xAustralia. | ||
| 650 | _xHandbooks, manuals, etc. | ||
| 650 | _xLaw and legislation. | ||
| 999 |
_c344585 _d344585 |
||